All Bus Stops on London Bus Route 295 - Statistics

General Stats
  • This quiz has been taken 3 times
  • The average score is 18 of 49
Answer Stats
Answer % Correct
Barlby Road
100%
Cambridge Gardens / Ladbroke Grove
100%
Cambridge Gardens / St Mark's Road
100%
Chesterton Road
100%
Fulham Broadway
100%
Hammersmith Broadway
100%
Kensal House
100%
Ladbroke Grove Sainsbury's
100%
Shepherd's Bush Green
100%
Shepherd's Bush Station
100%
St Charles Square
100%
Blythe Road
50%
Brook Green
50%
Charing Cross Hospital
50%
Clapham Junction Station
50%
Goldhawk Road
50%
Greyhound Road
50%
Hammersmith Bus Station
50%
Hammersmith Library
50%
Latimer Road Station
50%
Petergate
50%
Queensdale Road
50%
Royal Crescent
50%
Wilsham Street
50%
Bothwell Street
0%
Bovingdon Road
0%
Bridgend Road
0%
Chatfield Road
0%
Clapham Junction Station / Falcon Road
0%
Clapham Junction Station / The Falcon
0%
Crowthorne Road
0%
Fulham Cross
0%
Fulham Town Hall
0%
Hannell Road
0%
Hope Street / Plantation Wharf Pier
0%
Munster Road
0%
Munster Road / Fulham Cross
0%
New King's Road
0%
North End Road
0%
Oakbury Road
0%
Sands End / Hazlebury Road
0%
Sherbrooke Road
0%
Shorrolds Road
0%
Stoneleigh Place
0%
Strath Terrace
0%
Townmead Road
0%
Tyrawley Road
0%
Wallis Close
0%
Wayland Road Estate
0%
No matching quizzes found
Score Distribution
Percent of People with Each Score
Percentile by Number Answered
Your Score History
You have not taken this quiz